LEADER 01349nam a2200349 a 4500 001 000000128040 003 CaOOAMICUS 005 20120316093443.0 008 120316s2011 it u000 u ita r 020 $a978-88-15-23377-6 040 $aPUL$bita 082 04$a241.5 100 1 $aBianchi, Enzo,$d1943-$0(OLS)http://pul/name/26766 245 10$aAma il prossimo tuo /$cEnzo Bianchi, Massimo Cacciari. 260 $aBologna :$bIl Mulino,$c2011. 300 $a141 p. ;$c18 cm 490 1 $aI Comandamenti 490 1 $aVoci 504 $aContiene riferimenti bibliografici. 650 4$aTeologia dogmatica.$0(OLS)http://pul/subject/663 650 4$aComandamenti.$0(OLS)http://pul/subject/36245 700 1 $aCacciari, Massimo,$d1944-$0(OLS)http://pul/name/31076 830 0$aVoci.$0(OLS)http://pul/title/142843 830 2$aI Comandamenti.$0(OLS)http://pul/title/154185 850 $aPUL 852 $aPUL$W1$xSL Religione 3$y85$m241. 5 COLL 1.11$j148202$qDDC 21$B146804$CPULBib$Z2$F146804 $H118893 $82 941 1 $a9 996 $6020$a978-88-15-23377-6$9(OLS)http://pul/number/149203 996 $6082$a241.5$9(OLS)http://pul/classification/632 996 $6245$aAma il prossimo tuo$9(OLS)http://pul/title/161797 996 $6260$aBologna :$bIl Mulino$9(OLS)http://pul/publisher/47928 LEADER 01501nam a2200313 u 4500 001 000000030553 003 CaOOAMICUS 005 20070226112036.0 008 970917r19701936stke u000 u eng u 035 $a10769670 040 $aPUL(R)$bita 100 1 $aCooke, G.A.$0(OLS)http://pul/name/24587 245 12$aA critical and exegetical commentary on the Book of Ezekiel /$cby G.A. Cooke, D.D. 260 $aEdinburgh :$bT. & T. Clark,$c1970. 300 $axlvii, 558 p., [1] c. di tav. ripieg. :$bpiante ;$c22 cm 490 1 $aInternational critical commentary on the Holy Scriptures of the Old and New Testaments 500 $aInclude indici. 500 $aRistampa della 1. ed. del 1936. 630 04$aBiblia.$pV.T.$pEzechiel$xCommenti.$0(OLS)http://pul/subject/2178 830 0$aInternational critical commentary on the Holy Scriptures of the Old and New Testaments.$0(OLS)http://pul/title/41926 850 $aPUL 852 $aPUL$W1$xSL Religione 1$y3$m5 L 21$j42241$nBK-PRI$b $qStampati$B42241$CPULBib$Z2$F42241 $H $81 852 $aPUL$W1$xDP1 Fondo Ciprotti$y59$m1533 G 10$j42242$nBK-PRI$b $qFondi$B42242$CPULBib$Z2$F42242 $H $81 941 1 $a8 941 1 $a1 961 $aINV: 47873. 961 $aINV: 0423. Fondo Ciprotti 996 $6245$aA critical and exegetical commentary on the Book of Ezekiel$9(OLS)http://pul/title/41967 996 $6260$aEdinburgh :$bT. & T. Clark$9(OLS)http://pul/publisher/51693 LEADER 01468nam a2200313 a 4500 001 000000122630 003 CaOOAMICUS 005 20100819120239.0 008 100819t2009 it af u100 u ita r 020 $a978-88-89400-41-8 040 $aPUL$bita$dReb 082 04$a726.7 100 1 $aLuciani, Roberto.$0(OLS)http://pul/name/23568 245 13$aIl Complesso Lateranense :$bBasilica, Palazzo apostolico, Scala Santa /$cRoberto Luciani ; presentazione Nicola Ciola ; fotografie Silvia Massotti . 260 $aRoma :$bProspettive,$cİ2009. 300 $a255 p. :$bill. ;$c21 cm 500 $aTesto su 2 colonne. 546 $aBibliografia p. 248-255. 610 24$aSan Giovanni in Laterano (chiesa : Roma).$0(OLS)http://pul/subject/613 610 24$aBasilica di S. Giovanni in Laterano.$0(OLS)http://pul/subject/14855 700 1 $aMassotti, Silvia.$0(OLS)http://pul/name/77018 700 1 $aCiola, Nicola,$csacerdote,$d1952-$0(OLS)http://pul/name/1596 850 $aPUL 852 $aPUL$W1$xSL Cons. Gen., Altre Classi 3$y75$m726. 7 LUCRO 1$j140857$qDDC 21$B139937$CPULBib$Z2$F139937 $H114566 $82 941 1 $a9 996 $6020$a978-88-89400-41-8$9(OLS)http://pul/number/145058 996 $6082$a726.7$9(OLS)http://pul/classification/650 996 $6245$aIl Complesso Lateranense :$bBasilica, Palazzo apostolico, Scala Santa$9(OLS)http://pul/title/154551 996 $6260$aRoma :$bProspettive$9(OLS)http://pul/publisher/80348